[Event "Rated Blitz game"]
[Site "?"]
[Date "2021.11.21"]
[Round "?"]
[White "Larmor"]
[Black "mirekkk14"]
[Result "1-0"]
[WhiteElo "2462"]
[BlackElo "2344"]
[PlyCount "101"]
[EventDate "2021.??.??"]
[EventType "blitz"]

1. e4 e5 2. Nf3 d5 3. exd5 e4 4. Qe2 Nf6 5. d3 Qxd5 6. Nbd2 Nc6 7. Nxe4 Be6 8.
Bd2 O-O-O 9. Nxf6 gxf6 10. g3 Nd4 11. Nxd4 Qxh1 12. Nxe6 fxe6 13. Qxe6+ Kb8 14.
O-O-O Bc5 15. Qxf6 Rhf8 16. Qg5 Bxf2 17. Bf4 Bb6 18. h4 Rde8 19. d4 Bxd4 20.
Rxd4 Qxf1+ 21. Rd1 Re1 22. Bxc7+ Kxc7 23. Qa5+ b6 24. Qxe1 Qxe1 25. Rxe1 Rf3
26. Rg1 h5 27. Kd2 Rf2+ 28. Kc3 Kc6 29. Kb3 a5 30. c3 b5 31. a3 a4+ 32. Ka2 Kc5
33. g4 hxg4 34. Rxg4 Rh2 35. Rb4 Kb6 36. c4 Rxh4 37. Rxb5+ Ka6 38. Rb4 Ka5 39.
b3 axb3+ 40. Kxb3 Rh3+ 41. Kb2 Rh2+ 42. Kc3 Rh3+ 43. Kd4 Rxa3 44. Rb5+ Ka6 45.
Kc5 Ra1 46. Kc6 Rg1 47. Rd5 Rg6+ 48. Rd6 Rg8 49. c5 Rc8+ 50. Kd7+ Kb5 51. Kxc8
{Normal} 1-0

[Event "Rated Blitz game"]
[Site "?"]
[Date "2021.11.21"]
[Round "?"]
[White "Axmedov_Azamat"]
[Black "mirekkk14"]
[Result "0-1"]
[WhiteElo "2501"]
[BlackElo "2351"]
[PlyCount "138"]
[EventDate "2021.??.??"]
[EventType "blitz"]

1. e4 e5 2. Nf3 d5 3. exd5 e4 4. Ne5 Qxd5 5. d4 exd3 6. Nxd3 Nf6 7. Nc3 Qe6+ 8.
Qe2 Nc6 9. Qxe6+ Bxe6 10. Be2 O-O-O 11. O-O a6 12. Bf4 Nd4 13. Bd1 Bf5 14. Be5
Ne4 15. Re1 Nxc3 16. bxc3 Nc6 17. Rb1 f6 18. Bg3 Bxd3 19. cxd3 Rxd3 20. Bg4+
Kb8 21. Re8+ Rd8 22. Re6 Bd6 23. Bf3 Na5 24. Bxd6 Rxd6 25. Re7 g6 26. h4 Nc6
27. Rf7 b6 28. Be2 Kb7 29. Bf3 h6 30. Re1 g5 31. Ree7 Rc8 32. hxg5 fxg5 33. Rh7
b5 34. a4 Kb6 35. Re4 Rf8 36. axb5 axb5 37. Re3 Rf4 38. g3 Rc4 39. Kg2 g4 40.
Be2 Ra4 41. Re8 Nd8 42. Rhh8 Ra8 43. Bxg4 Rb8 44. Bf3 Rf6 45. Re4 Nc6 46. Rxb8+
Nxb8 47. Rh4 Nc6 48. Bxc6 Kxc6 49. Rb4 Kc5 50. Rg4 Kb6 51. f3 c5 52. c4 b4 53.
Rh4 Rd6 54. Rh1 Rd2+ 55. Kh3 Ka5 56. Kg4 b3 57. Ra1+ Kb4 58. Rb1 Kxc4 59. f4
Kd4 60. f5 c4 61. f6 Rf2 62. Rf1 Rxf1 63. Kh5 Rxf6 64. g4 b2 65. g5 hxg5 66.
Kxg5 Rf1 67. Kh5 b1=Q 68. Kg4 Qe4+ 69. Kh3 Qg6 {Time forfeit} 0-1

[Event "Rated Blitz game"]
[Site "?"]
[Date "2021.11.21"]
[Round "?"]
[White "BTC69420"]
[Black "falejos"]
[Result "1-0"]
[WhiteElo "2400"]
[BlackElo "2245"]
[PlyCount "105"]
[EventDate "2021.??.??"]
[EventType "blitz"]

1. e4 e5 2. Nf3 d5 3. Nxe5 Qe7 4. d4 f6 5. Nd3 dxe4 6. Nf4 c6 7. Qh5+ Qf7 8.
Qxf7+ Kxf7 9. Bc4+ Ke7 10. Nc3 f5 11. h4 Nf6 12. d5 Nbd7 13. dxc6 bxc6 14. b3
Ne5 15. Ba3+ Ke8 16. Bxf8 Rxf8 17. Be2 a5 18. a4 Ba6 19. O-O-O Bxe2 20. Ncxe2
g6 21. Ne6 Rf7 22. N2d4 Rc8 23. Ng5 Re7 24. Rhe1 h6 25. Nh3 Nd5 26. Kb2 Nb4 27.
h5 c5 28. Nb5 Rc6 29. hxg6 Nxg6 30. Rd6 Rxd6 31. Nxd6+ Kf8 32. Nxf5 Re5 33. g4
h5 34. gxh5 Rxf5 35. hxg6 Kg7 36. Rxe4 Kxg6 37. f4 Nd5 38. Re6+ Kf7 39. Ra6
Nxf4 40. Nxf4 Rxf4 41. Rxa5 c4 42. Rc5 cxb3 43. cxb3 Ke6 44. a5 Kd6 45. Rc2 Rf5
46. b4 Rf1 47. Kb3 Rf3+ 48. Ka4 Rf4 49. Kb5 Rf5+ 50. Kb6 Kd5 51. Rc5+ Ke4 52.
Rxf5 Kxf5 53. a6 {Normal} 1-0

[Event "Rated Blitz game"]
[Site "?"]
[Date "2021.11.21"]
[Round "?"]
[White "Akissed"]
[Black "jeruchess"]
[Result "1-0"]
[WhiteElo "2426"]
[BlackElo "2392"]
[PlyCount "123"]
[EventDate "2021.??.??"]
[EventType "blitz"]

1. e4 e5 2. Nf3 d5 3. exd5 e4 4. Ne5 Qxd5 5. d4 exd3 6. Nxd3 Nf6 7. Be2 Bd6 8.
Bf3 Qf5 9. O-O O-O 10. Nc3 Nc6 11. Re1 Nd4 12. Be4 Nxe4 13. Nxe4 Qg6 14. Nxd6
cxd6 15. Bf4 Bg4 16. Qc1 Rfe8 17. Kf1 Be2+ 18. Rxe2 Nxe2 19. Qd2 Rac8 20. Be3
d5 21. c3 d4 22. cxd4 Nxd4 23. Bxd4 Red8 24. Qe3 Qa6 25. Kg1 Rc2 26. Re1 h6 27.
Nb4 Qc4 28. Nxc2 Qxc2 29. Qe5 f6 30. Qe6+ Kh8 31. Bxf6 Rd1 32. Bc3 Rxe1+ 33.
Qxe1 Kh7 34. h3 Qg6 35. Qe5 b6 36. g4 h5 37. Qf5 Qxf5 38. gxf5 Kh6 39. f6 Kg5
40. fxg7 Kf4 41. g8=Q Kf3 42. Qg3+ Ke2 43. Qh4 Kd1 44. Qxh5+ Kc2 45. Qg5 b5 46.
a3 Kb3 47. h4 Kc4 48. h5 a5 49. h6 b4 50. Bxb4 axb4 51. axb4 Kxb4 52. h7 Kb3
53. h8=Q Ka2 54. f4 Kb1 55. f5 Kc2 56. b4 Kb3 57. b5 Ka4 58. b6 Ka5 59. f6+ Ka6
60. b7 Ka7 61. Qa8+ Kb6 62. b8=Q# {Normal} 1-0

[Event "Rated Blitz game"]
[Site "?"]
[Date "2021.11.20"]
[Round "?"]
[White "Rafael18"]
[Black "Artem_0degov"]
[Result "0-1"]
[WhiteElo "2469"]
[BlackElo "2584"]
[PlyCount "22"]
[EventDate "2021.??.??"]
[EventType "blitz"]

1. e4 e5 2. Nf3 d5 3. exd5 e4 4. Qe2 Nf6 5. d3 Bb4+ 6. Nbd2 O-O 7. dxe4 Re8 8.
c3 Bd6 9. Qd3 Bf5 10. Be2 Nxe4 11. O-O Ng3 {Normal} 0-1

[Event "Rated Blitz game"]
[Site "?"]
[Date "2021.11.20"]
[Round "?"]
[White "sabahudink"]
[Black "Schachelite"]
[Result "0-1"]
[WhiteElo "2311"]
[BlackElo "2474"]
[PlyCount "102"]
[EventDate "2021.??.??"]
[EventType "blitz"]

1. e4 e5 2. Nf3 d5 3. exd5 e4 4. Nd4 Qxd5 5. Nb3 Bd6 6. Nc3 Qe5 7. Qe2 Nf6 8.
d4 exd3 9. Qxe5+ Bxe5 10. Bxd3 Nc6 11. Bd2 Nb4 12. O-O-O Nxd3+ 13. cxd3 O-O 14.
f4 Bd6 15. h3 Bf5 16. Be3 Rfe8 17. Bf2 Rad8 18. g3 Bb4 19. Nd4 Bd7 20. g4 c5
21. Nc2 Ba5 22. Rhe1 Bc7 23. Ne2 b6 24. Ne3 Bb5 25. Kc2 Nd5 26. Nxd5 Rxd5 27.
Nc3 Rxe1 28. Bxe1 Bc6 29. Nxd5 Bxd5 30. b3 Bxf4 31. Bd2 Bd6 32. Rf1 f6 33. Bf4
Be7 34. Rf2 Kf7 35. Kc3 b5 36. Be3 a5 37. Rf5 Ke6 38. h4 g6 39. Rf2 b4+ 40. Kc2
Bd6 41. h5 g5 42. Rf5 h6 43. Kd2 Be7 44. d4 c4 45. Kc2 c3 46. Bf2 Be4+ 47. Kc1
Bxf5 48. gxf5+ Kxf5 49. d5 Ke5 50. Bb6 Kxd5 51. Bxa5 Kc6 {Time forfeit} 0-1

[Event "Rated Blitz game"]
[Site "?"]
[Date "2021.11.20"]
[Round "?"]
[White "OnlyPawnToE4"]
[Black "RCompany_1"]
[Result "1-0"]
[WhiteElo "2494"]
[BlackElo "2403"]
[PlyCount "79"]
[EventDate "2021.??.??"]
[EventType "blitz"]

1. e4 e5 2. Nf3 d5 3. exd5 e4 4. Nd4 Qxd5 5. Nb3 Qe5 6. Nc3 Nf6 7. Be2 Bd6 8.
Nb5 Nc6 9. Nxd6+ cxd6 10. O-O O-O 11. d4 Qf5 12. c4 d5 13. c5 Qg6 14. Kh1 Bg4
15. Be3 a5 16. Nd2 Bxe2 17. Qxe2 Ng4 18. h3 Nxe3 19. fxe3 a4 20. Rf4 Nb4 21.
Nb1 Nd3 22. Rf1 b6 23. Nc3 bxc5 24. Nxd5 cxd4 25. Ne7+ Kh8 26. Nxg6+ hxg6 27.
exd4 f5 28. Rad1 Rab8 29. Rxd3 exd3 30. Qxd3 Rxb2 31. Qc4 a3 32. Rd1 Re8 33. d5
Ree2 34. Qh4+ Kg8 35. Qd8+ Kh7 36. Qh4+ Kg8 37. Qg5 Rxa2 38. d6 Rad2 39. Rxd2
Rxd2 40. Qxd2 {Normal} 1-0

[Event "Rated Blitz game"]
[Site "?"]
[Date "2021.11.20"]
[Round "?"]
[White "AngelPerezQuinones"]
[Black "batasjon"]
[Result "1-0"]
[WhiteElo "2498"]
[BlackElo "2437"]
[PlyCount "99"]
[EventDate "2021.??.??"]
[EventType "blitz"]

1. e4 e5 2. Nf3 d5 3. exd5 e4 4. Nd4 Qxd5 5. Nb3 Nf6 6. Nc3 Qf5 7. d3 Bb4 8.
Bd2 O-O 9. Be2 exd3 10. Bxd3 Re8+ 11. Be2 Bxc3 12. Bxc3 Qe4 13. Qd3 Qxd3 14.
cxd3 Nd5 15. Bd2 Bf5 16. Kd1 Nd7 17. Rc1 c6 18. Nc5 Nxc5 19. Rxc5 Rad8 20. Bf3
Bxd3 21. Bxd5 cxd5 22. Rc7 Be2+ 23. Kc1 Ba6 24. Re1 Kf8 25. Bb4+ Kg8 26. Kd2
Rxe1 27. Kxe1 h6 28. Bc5 Re8+ 29. Kd1 Re2 30. Bd4 Re4 31. Bxa7 d4 32. Rd7 d3
33. Be3 Re6 34. Rc7 f5 35. g3 Kh7 36. Bd4 Rg6 37. f4 Kg8 38. Kd2 h5 39. b4 h4
40. gxh4 Rg2+ 41. Kd1 Rxa2 42. Rxg7+ Kf8 43. h5 Bc4 44. Bc3 Bb3+ 45. Ke1 Rc2
46. Bd2 Kxg7 47. h6+ Kxh6 48. h4 Kh5 49. Kf2 Kg4 50. Ke3 {Time forfeit} 1-0

[Event "Rated Blitz game"]
[Site "?"]
[Date "2021.11.20"]
[Round "?"]
[White "Laudi64"]
[Black "alaeldin1212"]
[Result "0-1"]
[WhiteElo "2441"]
[BlackElo "2376"]
[PlyCount "48"]
[EventDate "2021.??.??"]
[EventType "blitz"]

1. e4 e5 2. Nf3 d5 3. c3 dxe4 4. Qa4+ Nc6 5. Qxe4 Nf6 6. Qe2 a6 7. Nxe5 Nxe5 8.
Qxe5+ Be7 9. Bc4 O-O 10. O-O Bd6 11. Qd4 Bf5 12. h3 b5 13. Be2 c5 14. Qh4 Bh2+
15. Kh1 Bc7 16. Bf3 Bd3 17. Re1 Qd6 18. g3 Rae8 19. Rg1 Ne4 20. Kg2 h6 21. b4
c4 22. a4 Ng5 23. Bd1 Qc6+ 24. Kh2 Be2 {Normal} 0-1

[Event "Rated Blitz game"]
[Site "?"]
[Date "2021.11.20"]
[Round "?"]
[White "Yvette1980"]
[Black "batasjon"]
[Result "1-0"]
[WhiteElo "2463"]
[BlackElo "2433"]
[PlyCount "63"]
[EventDate "2021.??.??"]
[EventType "blitz"]

1. e4 e5 2. Nf3 d5 3. Nc3 dxe4 4. Nxe5 f5 5. d4 Nf6 6. f3 Bd6 7. Bc4 Bxe5 8.
dxe5 Qxd1+ 9. Nxd1 Nfd7 10. fxe4 Nxe5 11. Bb3 fxe4 12. Nf2 Bf5 13. Bf4 Nbc6 14.
O-O-O Rd8 15. h3 Rd6 16. g4 Bg6 17. Rde1 Rf8 18. Bxe5 Nxe5 19. Nxe4 Rd7 20. Nc5
Re7 21. Nxb7 Kd7 22. Nc5+ Kc6 23. Na4 Rfe8 24. Rd1 Be4 25. Rhe1 Nf3 26. Re3 Ng5
27. Nc3 Bg2 28. Rg3 Bxh3 29. Ba4+ Kb6 30. Bxe8 Rxe8 31. Nd5+ Kc6 32. Nf4 {
Normal} 1-0

[Event "Rated Blitz game"]
[Site "?"]
[Date "2021.11.20"]
[Round "?"]
[White "schwarzerturmh8"]
[Black "Sdjordje12345_s"]
[Result "1-0"]
[WhiteElo "2422"]
[BlackElo "2368"]
[PlyCount "65"]
[EventDate "2021.??.??"]
[EventType "blitz"]

1. e4 e5 2. Nf3 d5 3. Nxe5 Qe7 4. d4 f6 5. Nd3 dxe4 6. Nf4 Bf5 7. c4 Nc6 8. Nc3
O-O-O 9. Nfd5 Qf7 10. Be2 h5 11. Be3 Nh6 12. b4 Ng4 13. b5 Ne7 14. Qa4 Nxd5 15.
Nxd5 Kb8 16. Bf4 Bd6 17. Bxd6 Rxd6 18. h3 Nh6 19. Ne3 Bc8 20. c5 Rdd8 21. b6
cxb6 22. cxb6 a6 23. Rc1 Bd7 24. Qa5 Rc8 25. O-O Rxc1 26. Rxc1 Rc8 27. Rxc8+
Bxc8 28. Qc5 f5 29. Qd6+ Ka8 30. Nd5 Be6 31. Nc7+ Kb8 32. Nxe6+ Kc8 33. Qd8# {
Normal} 1-0

[Event "Rated Blitz tournament gD71Ptzj"]
[Site "?"]
[Date "2021.11.20"]
[Round "?"]
[White "L3bron_James23"]
[Black "yevkool1983"]
[Result "1-0"]
[WhiteElo "2620"]
[BlackElo "2281"]
[PlyCount "37"]
[EventDate "2021.??.??"]
[EventType "blitz"]

1. e4 e5 2. Nf3 d5 3. Nxe5 Qe7 4. d4 f6 5. Nc3 fxe5 6. Nxd5 Qf7 7. Bc4 b5 8.
Bb3 c6 9. Nb6 Qg6 10. Nxa8 Qxg2 11. Qh5+ g6 12. Qxe5+ Ne7 13. Rf1 Na6 14. Qxh8
Bh3 15. Be3 Qxf1+ 16. Kd2 Qg2 17. Qf6 Qxh2 18. Qf7+ Kd7 19. Qxf8 {Normal} 1-0

[Event "Rated Blitz game"]
[Site "?"]
[Date "2021.11.20"]
[Round "?"]
[White "Pourya_Eghdam"]
[Black "RCompany_1"]
[Result "0-1"]
[WhiteElo "2510"]
[BlackElo "2405"]
[PlyCount "58"]
[EventDate "2021.??.??"]
[EventType "blitz"]

1. e4 e5 2. Nf3 d5 3. Nxe5 Bd6 4. d4 dxe4 5. Nc4 Be7 6. Nc3 Nf6 7. Bg5 O-O 8.
Bxf6 Bxf6 9. Be2 Re8 10. d5 Bf5 11. O-O Nd7 12. Ne3 Bg6 13. Rb1 Nb6 14. a4 a5
15. Qd2 Nd7 16. Nb5 Ne5 17. Nd4 c6 18. dxc6 bxc6 19. Rfd1 Qc7 20. c3 Red8 21.
Qc2 Nd3 22. Ndf5 Qe5 23. Ng3 Nf4 24. Ng4 Qg5 25. Nxf6+ Qxf6 26. Bf1 Nd3 27.
Nxe4 Bxe4 28. Bxd3 Rxd3 29. Rxd3 Qg6 {Normal} 0-1

[Event "Rated Blitz tournament 0qimwh2z"]
[Site "?"]
[Date "2021.11.20"]
[Round "?"]
[White "MATALON"]
[Black "cuerosky"]
[Result "1-0"]
[WhiteElo "2465"]
[BlackElo "2287"]
[PlyCount "81"]
[EventDate "2021.??.??"]
[EventType "blitz"]

1. e4 e5 2. Nf3 d5 3. exd5 e4 4. Qe2 Nf6 5. Nc3 Be7 6. d3 O-O 7. dxe4 Re8 8.
Be3 c6 9. O-O-O cxd5 10. Nxd5 Qa5 11. Nxe7+ Rxe7 12. Kb1 Be6 13. b3 Nc6 14. Nd4
Nb4 15. c3 Nxe4 16. Rc1 Nxa2 17. Qxa2 Nxc3+ 18. Rxc3 Qxc3 19. Qd2 Qc7 20. Bd3
Rd8 21. Qc2 Qxc2+ 22. Bxc2 Bd5 23. Nf5 Rc7 24. Rd1 Kf8 25. Bd4 f6 26. Ne3 Bf7
27. Bxa7 Rdc8 28. Rd2 b5 29. Bd4 Rc3 30. Bxc3 Rxc3 31. Kb2 Rc7 32. Bd3 b4 33.
Bc4 Bg6 34. Rd8+ Ke7 35. Rb8 Kd6 36. Rxb4 Be4 37. Rb6+ Ke5 38. Re6+ Kf4 39. Be2
Bb7 40. h4 h5 41. g3# {Normal} 1-0

[Event "Rated Blitz game"]
[Site "?"]
[Date "2021.11.20"]
[Round "?"]
[White "Homino"]
[Black "batasjon"]
[Result "0-1"]
[WhiteElo "2418"]
[BlackElo "2420"]
[PlyCount "70"]
[EventDate "2021.??.??"]
[EventType "blitz"]

1. e4 e5 2. Nf3 d5 3. exd5 e4 4. Qe2 Nf6 5. c4 Be7 6. Nd4 O-O 7. Nc2 Bc5 8. Nc3
Bg4 9. f3 exf3 10. gxf3 Re8 11. Ne3 Bh5 12. Bg2 Nbd7 13. O-O Ne5 14. Kh1 Ng6
15. Qf2 Nf4 16. Ne4 Bd4 17. Qg3 Nxg2 18. Qxg2 Bg6 19. d3 c6 20. dxc6 bxc6 21.
Ng4 Nxg4 22. Qxg4 f5 23. Qg2 fxe4 24. dxe4 c5 25. Bg5 Qc7 26. Rad1 Qc6 27. b3
Rxe4 28. Rde1 Rxe1 29. Rxe1 Re8 30. Rxe8+ Qxe8 31. Qf1 h6 32. Bh4 Qe3 33. Bg3
Bh5 34. Kg2 Qd2+ 35. Kh1 Qxa2 {Normal} 0-1

[Event "Rated Blitz tournament Qq5syAoT"]
[Site "?"]
[Date "2021.11.20"]
[Round "?"]
[White "frabonca13"]
[Black "batasjon"]
[Result "0-1"]
[WhiteElo "2226"]
[BlackElo "2437"]
[PlyCount "82"]
[EventDate "2021.??.??"]
[EventType "blitz"]

1. e4 e5 2. Nf3 d5 3. d3 dxe4 4. dxe4 Qxd1+ 5. Kxd1 Nf6 6. Nbd2 Ng4 7. Ke1 Bc5
8. h3 Nxf2 9. Rh2 Nc6 10. Nb3 Bb6 11. c4 Nxe4 12. Bd3 Nc5 13. Nxc5 Bxc5 14. a3
a5 15. Bd2 f6 16. Be4 Bd7 17. g4 a4 18. g5 Na5 19. gxf6 gxf6 20. Bxa5 Rxa5 21.
Bxb7 Ke7 22. Be4 f5 23. Bc2 e4 24. Nd2 Rg8 25. Ke2 Kf6 26. Rf1 Ke5 27. Nb1 Ra6
28. Nc3 Rag6 29. Bxa4 c6 30. Bd1 Rg2+ 31. Rxg2 Rxg2+ 32. Ke1 Rxb2 33. Na4 Bxa3
34. Nxb2 Bxb2 35. Kd2 f4 36. Rg1 Bxh3 37. Rg5+ Kd4 38. Rh5 Bg2 39. Bg4 Bc3+ 40.
Kc2 e3 41. Rxh7 Be4+ {Time forfeit} 0-1

[Event "Rated Blitz game"]
[Site "?"]
[Date "2021.11.20"]
[Round "?"]
[White "Rafael18"]
[Black "Artem_0degov"]
[Result "0-1"]
[WhiteElo "2461"]
[BlackElo "2592"]
[PlyCount "50"]
[EventDate "2021.??.??"]
[EventType "blitz"]

1. e4 e5 2. Nf3 d5 3. exd5 e4 4. Qe2 Nf6 5. d3 Bb4+ 6. c3 O-O 7. dxe4 Bd6 8.
Bg5 Re8 9. Qc2 h6 10. Bxf6 Qxf6 11. Nbd2 c6 12. dxc6 Nxc6 13. Bd3 Bg4 14. O-O
Rad8 15. h3 Bh5 16. Rfe1 Bb8 17. Rad1 Qf4 18. g3 Qf6 19. Kg2 a6 20. a4 Kh8 21.
Be2 Bg6 22. Nh4 Bh7 23. Bf3 Ne5 24. Be2 Nc6 25. Nf1 Bxe4+ {Normal} 0-1

[Event "Rated Blitz game"]
[Site "?"]
[Date "2021.11.20"]
[Round "?"]
[White "pedrogil"]
[Black "Artem_0degov"]
[Result "0-1"]
[WhiteElo "2507"]
[BlackElo "2565"]
[PlyCount "98"]
[EventDate "2021.??.??"]
[EventType "blitz"]

1. e4 e5 2. Nf3 d5 3. d4 dxe4 4. Nxe5 Bd6 5. Nc3 Bxe5 6. dxe5 Qxd1+ 7. Nxd1 Nc6
8. Bb5 Nge7 9. Nc3 Bd7 10. Nxe4 Nxe5 11. Bxd7+ Nxd7 12. Bg5 f6 13. Bf4 O-O-O
14. O-O-O Rhe8 15. Rhe1 h5 16. h3 Ng6 17. Bh2 Nb6 18. b3 Nh4 19. f3 Rxd1+ 20.
Rxd1 Nd7 21. Rd3 b6 22. Rc3 Nc5 23. Nxc5 bxc5 24. Rxc5 Re7 25. Rxh5 Nxg2 26.
Ra5 Kb7 27. Rb5+ Ka6 28. Rc5 Kb6 29. Bg1 Re1+ 30. Kd2 Rxg1 31. Rc4 g5 32. Ke2
Nf4+ 33. Kf2 Rg2+ 34. Ke3 Nxh3 35. Rb4+ Kc6 36. Rc4+ Kb7 37. Rb4+ Kc8 38. Ra4
Nf4 39. Rxa7 Rxc2 40. Ra8+ Kb7 41. Rf8 Rxa2 42. Ke4 Ra6 43. Kf5 Nd3 44. Rxf6
Rxf6+ 45. Kxf6 Ne1 46. Kxg5 Nxf3+ 47. Kf4 Nd4 48. Ke3 Nxb3 49. Kd3 Na5 {Normal}
0-1

[Event "Rated Blitz game"]
[Site "?"]
[Date "2021.11.20"]
[Round "?"]
[White "SateliteLag"]
[Black "RCompany_1"]
[Result "1-0"]
[WhiteElo "2506"]
[BlackElo "2420"]
[PlyCount "105"]
[EventDate "2021.??.??"]
[EventType "blitz"]

1. e4 e5 2. Nf3 d5 3. Nxe5 Bd6 4. d4 dxe4 5. Nc4 Be7 6. Nc3 Nf6 7. Bg5 O-O 8.
Bxf6 Bxf6 9. Nxe4 Re8 10. f3 Bxd4 11. c3 Bf6 12. Be2 Bf5 13. Qxd8 Bxd8 14. Ng3
Bd3 15. O-O-O Bxe2 16. Nxe2 Nc6 17. Nd4 Nxd4 18. Rxd4 Bf6 19. Rd7 Rac8 20. Rhd1
Re2 21. R1d2 Bg5 22. Kd1 Rxd2+ 23. Nxd2 Bxd2 24. Kxd2 Kf8 25. Ke2 Ke8 26. Rd4
Ke7 27. Rh4 h6 28. Ra4 a6 29. Rb4 b6 30. Ra4 a5 31. Re4+ Kf6 32. h4 g5 33. h5
Rd8 34. g4 Rd6 35. b4 Rd5 36. Rc4 c5 37. bxa5 b5 38. Re4 Rd6 39. a4 bxa4 40.
Rxa4 Ra6 41. Kd3 Ke5 42. Kc4 f5 43. Kb5 Ra8 44. Kxc5 Rc8+ 45. Kb6 Rxc3 46. a6
Rb3+ 47. Kc7 Rxf3 48. a7 Rc3+ 49. Kd7 Rd3+ 50. Ke7 f4 51. a8=Q f3 52. Qa5+ Rd5
53. Qc3+ {Normal} 1-0

[Event "Rated Blitz game"]
[Site "?"]
[Date "2021.11.20"]
[Round "?"]
[White "NuhiJashari"]
[Black "KamranShirazi"]
[Result "0-1"]
[WhiteElo "2544"]
[BlackElo "2644"]
[PlyCount "68"]
[EventDate "2021.??.??"]
[EventType "blitz"]

1. e4 e5 2. Nf3 d5 3. d4 dxe4 4. Nxe5 Nd7 5. f4 Nxe5 6. fxe5 c5 7. c3 cxd4 8.
cxd4 Ne7 9. Bc4 Nc6 10. Be3 Bb4+ 11. Nc3 O-O 12. O-O Be6 13. Bxe6 fxe6 14. Qg4
Nxd4 15. Rad1 Bxc3 16. bxc3 Rxf1+ 17. Kxf1 Qf8+ 18. Kg1 Qf5 19. Qh4 Ne2+ 20.
Kh1 Nxc3 21. Re1 Rf8 22. h3 Nd5 23. Bd4 h6 24. Bxa7 b6 25. Qg3 Ra8 26. Qa3 e3
27. Qa6 Qf2 28. Rf1 Rxa7 29. Qc8+ Kh7 30. Rxf2 exf2 31. Qf8 Rxa2 32. Kh2 Ne3
33. Qf3 f1=Q 34. Qxe3 Qxg2# {Normal} 0-1

[Event "Rated Blitz game"]
[Site "?"]
[Date "2021.11.20"]
[Round "?"]
[White "DKAM77"]
[Black "Furuwdie1221"]
[Result "1-0"]
[WhiteElo "2417"]
[BlackElo "2432"]
[PlyCount "29"]
[EventDate "2021.??.??"]
[EventType "blitz"]

1. e4 e5 2. Nf3 d5 3. exd5 Qxd5 4. Nc3 Qe6 5. Be2 Nc6 6. O-O a6 7. Re1 Nf6 8.
d4 Bb4 9. dxe5 Bxc3 10. bxc3 Nd7 11. Ng5 Qe7 12. e6 fxe6 13. Bh5+ Kf8 14. Nxe6+
Kg8 15. Nxc7 {Normal} 1-0

[Event "Rated Blitz tournament Qq5syAoT"]
[Site "?"]
[Date "2021.11.20"]
[Round "?"]
[White "upoe610"]
[Black "batasjon"]
[Result "0-1"]
[WhiteElo "2206"]
[BlackElo "2432"]
[PlyCount "68"]
[EventDate "2021.??.??"]
[EventType "blitz"]

1. e4 e5 2. Nf3 d5 3. exd5 e4 4. Qe2 Nf6 5. Nc3 Be7 6. Nxe4 O-O 7. d3 Re8 8.
Be3 Nxd5 9. g3 Nc6 10. Bg2 f5 11. Nc3 Bb4 12. Kf1 Nxc3 13. bxc3 Bxc3 14. Rb1 f4
15. gxf4 Bg4 16. h4 Nd4 17. Qd1 Nf5 18. Bd2 Bf6 19. Qc1 b6 20. Ng5 Nd4 21. Be4
h6 22. Bh7+ Kf8 23. Qa3+ c5 24. Be4 Nxc2 25. Qb3 hxg5 26. hxg5 Nd4 27. Qc4 Be2+
28. Ke1 Rxe4 29. dxe4 Bxc4 30. gxf6 Qxf6 31. e5 Qf5 32. Rc1 Qd3 33. Rh8+ Kf7
34. Kd1 Qe2# {Normal} 0-1

[Event "Rated Blitz game"]
[Site "?"]
[Date "2021.11.20"]
[Round "?"]
[White "loicfournier33"]
[Black "roger100"]
[Result "1-0"]
[WhiteElo "2418"]
[BlackElo "2397"]
[PlyCount "69"]
[EventDate "2021.??.??"]
[EventType "blitz"]

1. e4 e5 2. Nf3 d5 3. Nxe5 Nf6 4. exd5 Qxd5 5. d4 Nc6 6. Nxc6 bxc6 7. Nc3 Bb4
8. Be3 O-O 9. Bd3 Qxg2 10. Kd2 Ne4+ 11. Bxe4 Qxe4 12. Qh5 f5 13. f4 Be6 14.
Rhg1 Bf7 15. Qg5 Bg6 16. Rae1 Be7 17. Qg3 Bb4 18. a3 Bxc3+ 19. Kxc3 c5 20. dxc5
Qd5 21. Bd4 Rfd8 22. Qf2 Rab8 23. b3 a5 24. Re5 Qc6 25. a4 Rd7 26. Rge1 Rbd8
27. Be3 Rd5 28. Re7 Qf6+ 29. Re5 Rxe5 30. fxe5 Qxe5+ 31. Bd4 Qd5 32. Re5 Qd7
33. Qe3 h6 34. Re7 Qd5 35. Rxg7+ {Normal} 1-0

[Event "Rated Blitz game"]
[Site "?"]
[Date "2021.11.20"]
[Round "?"]
[White "Sertoespj"]
[Black "Heri72"]
[Result "1-0"]
[WhiteElo "2395"]
[BlackElo "2475"]
[PlyCount "89"]
[EventDate "2021.??.??"]
[EventType "blitz"]

1. e4 e5 2. Nf3 d5 3. Nxe5 Bd6 4. d4 dxe4 5. Nc4 Nf6 6. Be2 O-O 7. Nc3 Bf5 8.
Nxd6 cxd6 9. Bg5 Nbd7 10. Qd2 h6 11. Bh4 Qa5 12. O-O g5 13. Bg3 d5 14. a3 Bg6
15. b4 Qd8 16. Nb5 Nb6 17. a4 a6 18. Nc3 Rc8 19. b5 Nc4 20. Bxc4 Rxc4 21. bxa6
bxa6 22. Ra3 Nd7 23. h4 f5 24. hxg5 hxg5 25. Bd6 Rf6 26. Be5 Re6 27. f4 Nxe5
28. fxe5 f4 29. Rb3 e3 30. Qe2 Rxd4 31. Qg4 Rxe5 32. Rb7 Rd2 33. Rfb1 Be4 34.
Nxe4 dxe4 35. Rb8 e2 36. Rxd8+ Rxd8 37. Qxg5+ Kf7 38. Qxd8 f3 39. gxf3 exf3 40.
Kf2 Ke6 41. Qe8+ Kf5 42. Qxe5+ Kxe5 43. Kxf3 Kd4 44. Kxe2 Kc3 45. Rb6 {Normal}
1-0

[Event "Rated Blitz tournament YE4N2wis"]
[Site "?"]
[Date "2021.11.20"]
[Round "?"]
[White "Sugianto-Tjhin"]
[Black "Bis_Kecil_BKD"]
[Result "0-1"]
[WhiteElo "2398"]
[BlackElo "2433"]
[PlyCount "86"]
[EventDate "2021.??.??"]
[EventType "blitz"]

1. e4 e5 2. Nf3 d5 3. exd5 e4 4. Qe2 Nf6 5. Nc3 Be7 6. Nxe4 O-O 7. d3 Qxd5 8.
Bd2 Nc6 9. h3 Re8 10. g4 Nb4 11. Nxf6+ gxf6 12. Be3 Bc5 13. d4 Bxd4 14. Nxd4
Qxh1 15. a3 Nd5 16. O-O-O Nxe3 17. fxe3 c6 18. Bg2 Qh2 19. Qf3 Qe5 20. e4 Be6
21. Ne2 Rad8 22. Rf1 Bc4 23. Rf2 Qd6 24. Nc3 b5 25. Qxf6 Qc5 26. Qf4 a5 27. b3
Qxa3+ 28. Kb1 Qc5 29. bxc4 bxc4 30. Qxf7+ Kh8 31. Qf6+ Kg8 32. Qf7+ Kh8 33.
Qf6+ Kg8 34. h4 Rf8 35. Qg5+ Qxg5 36. Rxf8+ Rxf8 37. hxg5 Rf2 38. e5 Rxg2 39.
Ne4 Kf7 40. Kb2 Rxg4 41. Nd6+ Ke6 42. Kc3 Rxg5 43. Nxc4 Rxe5 {Normal} 0-1

[Event "Rated Blitz game"]
[Site "?"]
[Date "2021.11.20"]
[Round "?"]
[White "Tuzibaba"]
[Black "Schachelite"]
[Result "1-0"]
[WhiteElo "2536"]
[BlackElo "2472"]
[PlyCount "29"]
[EventDate "2021.??.??"]
[EventType "blitz"]

1. e4 e5 2. Nf3 d5 3. exd5 e4 4. Qe2 Nf6 5. d3 Qxd5 6. Nbd2 Nc6 7. dxe4 Qe6 8.
Qc4 Qe7 9. Bd3 Be6 10. Qa4 O-O-O 11. O-O Nb4 12. Qxa7 Nxd3 13. cxd3 Rxd3 14.
Qa8+ Kd7 15. Ne5+ {Normal} 1-0

[Event "Rated Blitz game"]
[Site "?"]
[Date "2021.11.20"]
[Round "?"]
[White "KrUeL"]
[Black "RCompany_1"]
[Result "0-1"]
[WhiteElo "2458"]
[BlackElo "2390"]
[PlyCount "80"]
[EventDate "2021.??.??"]
[EventType "blitz"]

1. e4 e5 2. Nf3 d5 3. Nxe5 Bd6 4. d4 dxe4 5. Nc4 Be7 6. Nc3 Nf6 7. Bf4 O-O 8.
Qd2 Bb4 9. a3 Bxc3 10. bxc3 Nd5 11. Bg3 Nc6 12. Ne3 Kh8 13. c4 Nxe3 14. fxe3 f5
15. d5 Ne7 16. Be5 Ng6 17. Bb2 f4 18. O-O-O Bg4 19. Re1 f3 20. gxf3 exf3 21.
Qd4 Qd7 22. Rd1 Rae8 23. h4 Ne5 24. h5 h6 25. Rh4 f2 26. Rd2 Qf5 27. Bc3 Bxh5
28. Kb2 Bg6 29. Bh3 Qf6 30. Rf4 Qe7 31. Rdxf2 Rxf4 32. exf4 Nd7 33. Bxd7 Qxd7
34. f5 Bf7 35. f6 g5 36. Qd3 Qd6 37. Rf1 Qh2 38. Rf2 Qxf2 39. Bd4 Qf4 40. Qe2
Rxe2 {Time forfeit} 0-1